|
|
|
|
| LEADER |
00000cam a2200000 7i4500 |
| 001 |
0000229274 |
| 005 |
20181101.0 |
| 020 |
|
|
|a 9781434248268
|
| 090 |
0 |
0 |
|a JF
|b KOR
|
| 100 |
1 |
|
|a Korte, Steve
|
| 245 |
1 |
4 |
|a The man of steel mxy's magical mayhem
|c Steve Korte ; illustrated Tim Levins
|
| 260 |
|
|
|a Minnesota :
|b Stone Arch Books ,
|c 2013
|
| 300 |
|
|
|a 82p. :
|b Col.,ill. ;
|c 19cm.
|
| 490 |
0 |
|
|a DC super heroes
|
| 650 |
|
0 |
|a Children's stories
|
| 700 |
1 |
|
|a Levins, Tim
|
| 999 |
|
|
|a 00363508
|b BUKU
|c PINJAMAN
|e PERPUSTAKAAN KOMUNITI CAW BANDAR UTAMA
|
| 999 |
|
|
|a 00363509
|b BUKU
|c PINJAMAN
|e PERPUSTAKAAN KOMUNITI CAW KOTA DAMANSARA
|
| 999 |
|
|
|a 00363510
|b BUKU
|c PINJAMAN
|e PERPUSTAKAAN KOMUNITI PETALING JAYA
|